AN EXPERIMENTAL PERFORMANCE EVALUATION OF VoIP AND TRACKING APPLICATIONS OVER Wi-Fi NETWORKS (Record no. 10230)
[ view plain ]
| 000 -LEADER | |
|---|---|
| fixed length control field | 00606 a2200157 4500 |
| 082 ## - DEWEY DECIMAL CLASSIFICATION NUMBER | |
| Classification number | - |
| 100 ## - MAIN ENTRY--PERSONAL NAME | |
| Personal name | Amna Khalid Niazi |
| 9 (RLIN) | 93115 |
| 245 ## - TITLE STATEMENT | |
| Title | AN EXPERIMENTAL PERFORMANCE EVALUATION OF VoIP AND TRACKING APPLICATIONS OVER Wi-Fi NETWORKS |
| 260 ## - PUBLICATION, DISTRIBUTION, ETC. | |
| Place of publication, distribution, etc. | Islamabad : |
| Name of publisher, distributor, etc. | NUST School of Electrical Engineering & Computer Science, |
| Date of publication, distribution, etc. | 2010. |
| 300 ## - PHYSICAL DESCRIPTION | |
| Extent | 81 p. : |
| Other physical details | ill. ; |
| Dimensions | 27 cm. + |
| Accompanying material | 1CD ROM |
| 500 ## - GENERAL NOTE | |
| General note | Supervisors : Dr. Zawar Hussain Shah, Ms. Madeeha Owais. |
| 563 ## - BINDING INFORMATION | |
| Binding note | HB |
| 700 ## - ADDED ENTRY--PERSONAL NAME | |
| Personal name | Mariyam Shakoor |
| 9 (RLIN) | 93116 |
| 856 ## - ELECTRONIC LOCATION AND ACCESS | |
| Uniform Resource Identifier | <a href="http://10.250.8.41:8080/xmlui/handle/123456789/10290">http://10.250.8.41:8080/xmlui/handle/123456789/10290</a> |
| 942 ## - ADDED ENTRY ELEMENTS (KOHA) | |
| Koha item type | Project Report |
| Call number prefix | BICSE-4 AMN |
| Source of classification or shelving scheme | |
| Withdrawn status | Lost status | Source of classification or shelving scheme | Damaged status | Not for loan | Permanent Location | Current Location | Date acquired | Full call number | Barcode | Date last seen | Price effective from | Koha item type |
|---|---|---|---|---|---|---|---|---|---|---|---|---|
| WITHDRAWN | Central Library (CL) | Central Library (CL) | 07/05/2022 | BICSE-4 AMN | SEECSP00897 | 11/14/2012 | 11/14/2012 | Project Report |
